[Event "35. Open Internacional Vila de Sitges"]
[Site "Sitges ESP"]
[Date "2009.07.25"]
[Round "4.2"]
[White "Karlsson, Lars"]
[Black "Cruz, Cristhian"]
[Result "1-0"]
[WhiteElo "2468"]
[BlackElo "2525"]
[PlyCount "77"]
[EventDate "2009.07.22"]
[EventType "swiss"]
[EventRounds "9"]
[EventCountry "ESP"]
[Source "lmi"]
[SourceDate "2009.07.22"]

1. f4 d5 2. Nf3 g6 3. e3 Bg7 4. Be2 Nf6 5. O-O O-O 6. d3 c5 7. Qe1 Nc6 8. Bd1
Re8 9. Ne5 Qd6 10. Qg3 Nd7 11. Nxc6 bxc6 12. Nc3 c4 13. Be2 cxd3 14. cxd3 Ba6
15. Qf2 Rab8 16. Rd1 e6 17. Kh1 Qb4 18. e4 Rb7 19. e5 f6 20. d4 Bxe2 21. Qxe2
fxe5 22. dxe5 Rf8 23. Bd2 Qe7 24. b3 g5 25. g3 Kh8 26. Rac1 gxf4 27. Bxf4 Rb4
28. Rf1 c5 29. Na4 Re4 30. Qa6 Bxe5 31. Bh6 Bg7 32. Bxg7+ Kxg7 33. Qxa7 Rf7 34.
Kg1 Re2 35. Rxf7+ Kxf7 36. Nxc5 Nxc5 37. Rf1+ Ke8 38. Qb8+ Kd7 39. Qb5+ 1-0

[Event "35. Open Internacional Vila de Sitges"]
[Site "Sitges ESP"]
[Date "2009.07.25"]
[Round "4.3"]
[White "Vidarte Morales, Arturo"]
[Black "Cuartas, Jaime Alexander"]
[Result "0-1"]
[WhiteElo "2444"]
[BlackElo "2521"]
[PlyCount "78"]
[EventDate "2009.07.22"]
[EventType "swiss"]
[EventRounds "9"]
[EventCountry "ESP"]
[Source "lmi"]
[SourceDate "2009.07.22"]

1. d4 d5 2. c4 c6 3. Nc3 Nf6 4. Nf3 e6 5. Bg5 Nbd7 6. cxd5 exd5 7. e3 Be7 8.
Qc2 Nh5 9. Bxe7 Qxe7 10. O-O-O Nhf6 11. Bd3 O-O 12. g4 Re8 13. g5 Ne4 14. Rhg1
Kh8 15. Bxe4 dxe4 16. Nd2 f5 17. h4 Nb6 18. Kb1 Be6 19. Rc1 Qf7 20. Ka1 Rad8
21. g6 hxg6 22. Rg5 Nd5 23. Rcg1 f4 24. Rxg6 fxe3 25. fxe3 Nxe3 26. Qc1 Ng4 27.
h5 e3 28. Nde4 Bf5 29. Ng5 Qe7 30. Nf3 Bxg6 31. hxg6 Qf6 32. Qf1 Nh6 33. Qg2
Rf8 34. Rh1 Kg8 35. Rh3 Qf5 36. Rg3 Qd3 37. Qh3 Rd6 38. a3 e2 39. Ne5 e1=Q+ 0-1

[Event "35. Open Internacional Vila de Sitges"]
[Site "Sitges ESP"]
[Date "2009.07.25"]
[Round "4.4"]
[White "Satyapragyan, Swayangsu"]
[Black "Gonzalez Garcia, Jose"]
[Result "1-0"]
[WhiteElo "2423"]
[BlackElo "2509"]
[PlyCount "75"]
[EventDate "2009.07.22"]
[EventType "swiss"]
[EventRounds "9"]
[EventCountry "ESP"]
[Source "lmi"]
[SourceDate "2009.07.22"]

1. e4 e5 2. Nf3 Nc6 3. Bb5 a6 4. Ba4 Nf6 5. O-O Be7 6. Re1 b5 7. Bb3 d6 8. c3
O-O 9. h3 Na5 10. Bc2 c5 11. d4 Nc6 12. d5 Na5 13. b3 g6 14. Bh6 Re8 15. Nbd2
Nb7 16. a4 Bd7 17. Nf1 Nh5 18. Qd2 Bf6 19. Ng3 Nxg3 20. fxg3 Bg7 21. Rf1 f6 22.
g4 Rf8 23. Be3 Na5 24. axb5 axb5 25. Qe2 Qc7 26. g5 f5 27. exf5 Bxf5 28. Nh2 e4
29. Ng4 Bxg4 30. Qxg4 Bxc3 31. Rac1 Rxf1+ 32. Rxf1 Re8 33. Kh1 Bd4 34. Bxd4
cxd4 35. Bxe4 Nxb3 36. Rf6 Kg7 37. Qh4 Re7 38. Qh6+ 1-0

[Event "35. Open Internacional Vila de Sitges"]
[Site "Sitges ESP"]
[Date "2009.07.25"]
[Round "4.6"]
[White "Beltran Rueda, Santiago"]
[Black "Panchanathan, Magesh Chandra"]
[Result "1-0"]
[WhiteElo "2404"]
[BlackElo "2493"]
[PlyCount "61"]
[EventDate "2009.07.22"]
[EventType "swiss"]
[EventRounds "9"]
[EventCountry "ESP"]
[Source "lmi"]
[SourceDate "2009.07.22"]

1. c4 Nf6 2. Nc3 e5 3. Nf3 Nc6 4. g3 d5 5. cxd5 Nxd5 6. Bg2 Nb6 7. O-O Be7 8.
d3 O-O 9. a3 a5 10. Be3 Be6 11. Rc1 Nd5 12. Nxd5 Bxd5 13. Qa4 Kh8 14. Bc5 f5
15. Rfd1 f4 16. Qb5 Bxc5 17. Rxc5 Bxf3 18. Bxf3 fxg3 19. hxg3 e4 20. Rd5 exf3
21. Rxd8 Raxd8 22. exf3 Nd4 23. Qxb7 Nxf3+ 24. Kg2 Rb8 25. Qxc7 Rxb2 26. Qc5
Rbb8 27. d4 h6 28. Qxa5 Rb2 29. d5 Rf5 30. Qc3 Re2 31. Qc8+ 1-0

[Event "35. Open Internacional Vila de Sitges"]
[Site "Sitges ESP"]
[Date "2009.07.25"]
[Round "4.7"]
[White "Arun, Prasad S"]
[Black "Fernandez Aguado, Enrique"]
[Result "1-0"]
[WhiteElo "2556"]
[BlackElo "2340"]
[PlyCount "59"]
[EventDate "2009.07.22"]
[EventType "swiss"]
[EventRounds "9"]
[EventCountry "ESP"]
[Source "lmi"]
[SourceDate "2009.07.22"]

1. Nf3 d5 2. d4 Nf6 3. c4 c6 4. e3 e6 5. Bd3 Nbd7 6. b3 Bb4+ 7. Nbd2 O-O 8. Bb2
Re8 9. O-O b6 10. a3 Bf8 11. Ne5 dxc4 12. Ndxc4 Bb7 13. Qf3 b5 14. Nxd7 Nxd7
15. Nd2 f5 16. Rfd1 Rb8 17. e4 c5 18. dxc5 Bxc5 19. Bxb5 fxe4 20. Qg3 Re7 21.
Nxe4 Bxe4 22. Rxd7 Qf8 23. Rxe7 Bxe7 24. Bxg7 Qxg7 25. Qxb8+ Kf7 26. Be8+ Kg8
27. Bb5+ Kf7 28. Qf4+ Bf6 29. g3 Bd5 30. Rc1 1-0

[Event "35. Open Internacional Vila de Sitges"]
[Site "Sitges ESP"]
[Date "2009.07.25"]
[Round "4.8"]
[White "Alexandrova, Olga"]
[Black "Moskalenko, Viktor"]
[Result "1/2-1/2"]
[WhiteElo "2388"]
[BlackElo "2558"]
[PlyCount "82"]
[EventDate "2009.07.22"]
[EventType "swiss"]
[EventRounds "9"]
[EventCountry "ESP"]
[Source "lmi"]
[SourceDate "2009.07.22"]

1. d4 Nf6 2. c4 c5 3. d5 e6 4. Nc3 exd5 5. cxd5 d6 6. e4 g6 7. f4 Bg7 8. Bb5+
Nfd7 9. a4 O-O 10. Nf3 Na6 11. O-O Nc7 12. Bc4 Nb6 13. Be2 Bg4 14. h3 Bxf3 15.
Bxf3 a6 16. Qc2 Nc4 17. Ne2 b5 18. axb5 axb5 19. Rxa8 Qxa8 20. e5 Qd8 21. b3
Nb6 22. Rd1 Re8 23. Ng3 dxe5 24. Qxc5 Nd7 25. Qf2 exf4 26. Bxf4 Ne5 27. Be2 Qd7
28. Ne4 Nxd5 29. Nc3 Nxc3 30. Rxd7 Nxd7 31. Bf3 Ne5 32. Bxe5 Bxe5 33. g3 h5 34.
Kg2 Kg7 35. Qc5 Bf6 36. Bc6 Re2+ 37. Kf1 Rd2 38. g4 Bd4 39. Qe7 hxg4 40. hxg4
Rf2+ 41. Ke1 Re2+ 1/2-1/2

[Event "35. Open Internacional Vila de Sitges"]
[Site "Sitges ESP"]
[Date "2009.07.25"]
[Round "4.9"]
[White "Almeida Quintana, Omar"]
[Black "Oms Fuentes, Lluis"]
[Result "1/2-1/2"]
[WhiteElo "2524"]
[BlackElo "2351"]
[PlyCount "61"]
[EventDate "2009.07.22"]
[EventType "swiss"]
[EventRounds "9"]
[EventCountry "ESP"]
[Source "lmi"]
[SourceDate "2009.07.22"]

1. d4 f5 2. Nc3 d5 3. Bg5 Nf6 4. Bxf6 exf6 5. e3 c6 6. Bd3 Bd6 7. Qf3 g6 8. h3
Na6 9. a3 Qa5 10. Ra2 Qc7 11. Nge2 Qf7 12. g4 fxg4 13. hxg4 Nc7 14. Nf4 Rg8 15.
Kd2 Ne6 16. Nxe6 Bxe6 17. Raa1 O-O-O 18. Rh4 f5 19. gxf5 g5 20. Rxh7 Qxh7 21.
fxe6 Qe7 22. Bf5 Rdf8 23. Rg1 Kb8 24. Nxd5 cxd5 25. Qxd5 g4 26. Kd3 g3 27. fxg3
Rxg3 28. Rxg3 Bxg3 29. c4 Rd8 30. Qf3 Bc7 31. b4 1/2-1/2

[Event "35. Open Internacional Vila de Sitges"]
[Site "Sitges ESP"]
[Date "2009.07.26"]
[Round "5.1"]
[White "Karlsson, Lars"]
[Black "Solodovnichenko, Yuri"]
[Result "1-0"]
[WhiteElo "2468"]
[BlackElo "2596"]
[PlyCount "59"]
[EventDate "2009.07.22"]
[EventType "swiss"]
[EventRounds "9"]
[EventCountry "ESP"]
[Source "lmi"]
[SourceDate "2009.07.22"]

1. Nf3 d5 2. b3 Bg4 3. Bb2 Nf6 4. g3 Nc6 5. d4 e6 6. Bg2 Bb4+ 7. c3 Bd6 8. O-O
e5 9. dxe5 Nxe5 10. c4 Nxf3+ 11. exf3 Be6 12. cxd5 Bxd5 13. Re1+ Kf8 14. Nc3
Bc6 15. Qc2 Qd7 16. Rad1 Re8 17. Ne4 Nxe4 18. fxe4 f6 19. f4 Qe7 20. e5 Bc5+
21. Bd4 Bxd4+ 22. Rxd4 Bxg2 23. Kxg2 c5 24. Rd5 b6 25. e6 Qb7 26. Qd3 g6 27.
Kg1 b5 28. Qc3 Qe7 29. Rd7 b4 30. Qd2 1-0

[Event "35. Open Internacional Vila de Sitges"]
[Site "Sitges ESP"]
[Date "2009.07.26"]
[Round "5.2"]
[White "Cuartas, Jaime Alexander"]
[Black "Satyapragyan, Swayangsu"]
[Result "1/2-1/2"]
[WhiteElo "2521"]
[BlackElo "2423"]
[PlyCount "42"]
[EventDate "2009.07.22"]
[EventType "swiss"]
[EventRounds "9"]
[EventCountry "ESP"]
[Source "lmi"]
[SourceDate "2009.07.22"]

1. e4 c5 2. Nf3 Nc6 3. c3 d5 4. exd5 Qxd5 5. d4 Bg4 6. dxc5 Qxd1+ 7. Kxd1 Nf6
8. Bb5 e5 9. h3 Bxf3+ 10. gxf3 Bxc5 11. Ke2 O-O 12. Be3 Bxe3 13. fxe3 e4 14. f4
Ne7 15. Rd1 Nf5 16. Na3 Rfd8 17. Nc2 Nd6 18. Na3 Nf5 19. Nc2 Nd6 20. Na3 Nf5
21. Nc2 Nd6 1/2-1/2

[Event "35. Open Internacional Vila de Sitges"]
[Site "Sitges ESP"]
[Date "2009.07.26"]
[Round "5.3"]
[White "Martinez Duany, Lelys Stanley"]
[Black "Beltran Rueda, Santiago"]
[Result "1/2-1/2"]
[WhiteElo "2507"]
[BlackElo "2404"]
[PlyCount "134"]
[EventDate "2009.07.22"]
[EventType "swiss"]
[EventRounds "9"]
[EventCountry "ESP"]
[Source "lmi"]
[SourceDate "2009.07.22"]

1. e4 e5 2. Nf3 Nf6 3. Nxe5 d6 4. Nf3 Nxe4 5. d4 Bg4 6. Bd3 Nf6 7. O-O Be7 8.
c3 O-O 9. Nbd2 Nbd7 10. Qc2 Re8 11. h3 Bh5 12. Nh4 Nf8 13. Nf5 Bg6 14. Nf3 Bxf5
15. Bxf5 g6 16. Bd3 Ne6 17. Bd2 c6 18. Rae1 Bf8 19. Nh2 Qd7 20. f4 Nc7 21. Rxe8
Rxe8 22. f5 Bg7 23. Nf3 Ncd5 24. fxg6 hxg6 25. Qc1 Nh5 26. Re1 Rxe1+ 27. Qxe1
Nhf4 28. Bf1 b5 29. Kh2 Bf6 30. g3 Ne6 31. Qe4 Nb6 32. h4 d5 33. Qe2 Nc4 34.
Bc1 c5 35. dxc5 Nxc5 36. Bg5 Ne4 37. Bxf6 Nxf6 38. Bh3 Qd6 39. Ng5 a6 40. b3
Ne5 41. Qd1 Qc5 42. Qd4 Qxd4 43. cxd4 Nc6 44. Nf3 b4 45. Bc8 a5 46. Bb7 Na7 47.
Ne5 Nb5 48. Nc6 Nc3 49. Nxa5 Nxa2 50. Kg2 Kf8 51. Kf3 Ke7 52. Nc6+ Kd6 53. Ne5
Ke6 54. Nd3 Kd6 55. g4 Ng8 56. Kf4 f6 57. g5 fxg5+ 58. Kxg5 Ne7 59. Nf4 Nc1 60.
Nxg6 Nxb3 61. Nxe7 Kxe7 62. h5 Nxd4 63. h6 Ne6+ 64. Kf5 b3 65. Bxd5 b2 66. Ba2
Kf8 67. Kxe6 Kg8 1/2-1/2

[Event "35. Open Internacional Vila de Sitges"]
[Site "Sitges ESP"]
[Date "2009.07.26"]
[Round "5.7"]
[White "Burmakin, Vladimir"]
[Black "Oms Fuentes, Lluis"]
[Result "1-0"]
[WhiteElo "2627"]
[BlackElo "2351"]
[PlyCount "115"]
[EventDate "2009.07.22"]
[EventType "swiss"]
[EventRounds "9"]
[EventCountry "ESP"]
[Source "lmi"]
[SourceDate "2009.07.22"]

1. Nf3 f5 2. b3 d6 3. d4 Nf6 4. Bb2 g6 5. g3 Bg7 6. Bg2 O-O 7. O-O c6 8. c4 Ne4
9. Nbd2 Nxd2 10. Qxd2 Nd7 11. d5 c5 12. Bxg7 Kxg7 13. e4 fxe4 14. Qc3+ Nf6 15.
Ng5 h6 16. Nxe4 Bf5 17. Rae1 Qd7 18. Re3 Rf7 19. Rfe1 Raf8 20. f4 Kh7 21. Nd2
Rg7 22. Nf3 Rff7 23. Nh4 b5 24. Nxf5 Qxf5 25. Bf1 b4 26. Qd2 Kg8 27. Bd3 Qh5
28. Be2 Qf5 29. Bd3 Qh5 30. Qe2 Ng4 31. Re4 g5 32. f5 Nf6 33. Qxh5 Nxh5 34. Re6
Nf6 35. a3 a5 36. axb4 axb4 37. Ra1 h5 38. Kg2 Kh7 39. h3 Rf8 40. Ra7 Re8 41.
Be2 Kg8 42. Kf2 Kf8 43. Bd1 Rd8 44. Kg2 Re8 45. Kh2 Rd8 46. Kg1 Re8 47. Kf2 Rd8
48. h4 g4 49. Ke3 Re8 50. Kf4 Rd8 51. Bc2 Re8 52. Bd3 Rd8 53. Raxe7 Rxe7 54.
Rxf6+ Kg7 55. Rg6+ Kf7 56. Rh6 Re1 57. f6 Rd1 58. Bf5 1-0

[Event "35. Open Internacional Vila de Sitges"]
[Site "Sitges ESP"]
[Date "2009.07.26"]
[Round "5.8"]
[White "Cruz, Cristhian"]
[Black "Braun, Christian"]
[Result "1-0"]
[WhiteElo "2525"]
[BlackElo "2345"]
[PlyCount "47"]
[EventDate "2009.07.22"]
[EventType "swiss"]
[EventRounds "9"]
[EventCountry "ESP"]
[Source "lmi"]
[SourceDate "2009.07.22"]

1. d4 d5 2. c4 c6 3. Nf3 Nf6 4. Nc3 a6 5. c5 Bg4 6. Ne5 Bf5 7. Qb3 Qc8 8. f3
Nbd7 9. g4 Be6 10. Nd3 b6 11. cxb6 Rb8 12. Na4 Qd8 13. Bf4 Rxb6 14. Nxb6 Qxb6
15. Qxb6 Nxb6 16. Nc5 Bc8 17. e3 Nfd7 18. Nxa6 Bxa6 19. Bxa6 e5 20. dxe5 Bb4+
21. Kf2 O-O 22. Rhc1 c5 23. a3 Ba5 24. Rab1 1-0

[Event "35. Open Internacional Vila de Sitges"]
[Site "Sitges ESP"]
[Date "2009.07.26"]
[Round "5.10"]
[White "Douriet Duany, Alexis"]
[Black "Barsov, Alexei"]
[Result "0-1"]
[WhiteElo "2306"]
[BlackElo "2511"]
[PlyCount "90"]
[EventDate "2009.07.22"]
[EventType "swiss"]
[EventRounds "9"]
[EventCountry "ESP"]
[Source "lmi"]
[SourceDate "2009.07.22"]

1. d4 d5 2. c4 e6 3. Nf3 Nf6 4. g3 dxc4 5. Bg2 a6 6. O-O Nc6 7. e3 Bd7 8. Nc3
Rb8 9. a4 Na5 10. Ne5 c5 11. Qe2 Bc6 12. Bxc6+ bxc6 13. Rd1 cxd4 14. exd4 Be7
15. Nxc4 O-O 16. Bf4 Rb4 17. Ne5 Qb6 18. Nd3 Rb3 19. Nc5 Rb4 20. Be5 Ra8 21.
Rab1 Nb3 22. Na2 Nxd4 23. Bxd4 Rxd4 24. Rxd4 Bxc5 25. Rc4 Bd4 26. b4 h5 27. h3
Rd8 28. Rbc1 Bxf2+ 29. Qxf2 Qxf2+ 30. Kxf2 Rd2+ 31. Kf3 Rxa2 32. a5 Nd5 33.
Rxc6 Nxb4 34. Rb6 Ra3+ 35. Kg2 Ra2+ 36. Kg1 Nc2 37. Rxa6 Nd4 38. Rc8+ Kh7 39.
Raa8 h4 40. gxh4 Kg6 41. a6 e5 42. Kf1 Nf3 43. Rc7 e4 44. a7 e3 45. Re8 Rf2#
0-1

[Event "35. Open Internacional Vila de Sitges"]
[Site "Sitges ESP"]
[Date "2009.07.27"]
[Round "6.2"]
[White "Arun, Prasad S"]
[Black "Beltran Rueda, Santiago"]
[Result "1/2-1/2"]
[WhiteElo "2556"]
[BlackElo "2404"]
[PlyCount "80"]
[EventDate "2009.07.22"]
[EventType "swiss"]
[EventRounds "9"]
[EventCountry "ESP"]
[Source "lmi"]
[SourceDate "2009.07.22"]

1. d4 d5 2. c4 c6 3. Nf3 Nf6 4. e3 g6 5. Nc3 Bg7 6. Bd3 O-O 7. O-O dxc4 8. Bxc4
Bg4 9. h3 Bxf3 10. Qxf3 Nbd7 11. Rd1 e5 12. d5 e4 13. Nxe4 Nxe4 14. Qxe4 Nb6
15. Bb3 cxd5 16. Qf3 Qe7 17. Rb1 Rad8 18. Bd2 Rd7 19. Ba5 d4 20. exd4 Bxd4 21.
a3 Rc8 22. Bb4 Qf6 23. Qxf6 Bxf6 24. a4 Rcd8 25. Rxd7 Rxd7 26. a5 Nc8 27. Re1
Kg7 28. Re8 Nd6 29. Ra8 a6 30. Ba4 Nb5 31. Bf8+ Kg8 32. Be7+ Kg7 33. Bf8+ Kg8
34. Bxb5 axb5 35. Be7+ Kg7 36. Bf8+ Kg8 37. Bc5+ Kg7 38. Bf8+ Kg8 39. Be7+ Kg7
40. Bf8+ Kg8 1/2-1/2

[Event "35. Open Internacional Vila de Sitges"]
[Site "Sitges ESP"]
[Date "2009.07.27"]
[Round "6.4"]
[White "Solodovnichenko, Yuri"]
[Black "Barria Zuniga, Daniel"]
[Result "1/2-1/2"]
[WhiteElo "2596"]
[BlackElo "2426"]
[PlyCount "57"]
[EventDate "2009.07.22"]
[EventType "swiss"]
[EventRounds "9"]
[EventCountry "ESP"]
[Source "lmi"]
[SourceDate "2009.07.22"]

1. e4 e6 2. d4 d5 3. Nc3 Bb4 4. e5 c5 5. a3 Bxc3+ 6. bxc3 Qa5 7. Bd2 Qa4 8. h4
b6 9. dxc5 bxc5 10. c4 Ne7 11. h5 h6 12. Nf3 Ba6 13. cxd5 Bxf1 14. Kxf1 Qc4+
15. Kg1 Qxd5 16. Qe2 Nd7 17. Rd1 Qc6 18. Ba5 O-O 19. Rh4 Nb6 20. Rd6 Qc7 21.
Rd3 Rfd8 22. Rg4 Rxd3 23. cxd3 Nf5 24. Nd2 Rd8 25. Nc4 Rd5 26. Bc3 Nxc4 27.
dxc4 Rd7 28. Rf4 Qb7 29. Qc2 1/2-1/2

[Event "35. Open Internacional Vila de Sitges"]
[Site "Sitges ESP"]
[Date "2009.07.27"]
[Round "6.7"]
[White "Barsov, Alexei"]
[Black "Lacasa Diaz, Jose Antonio"]
[Result "1/2-1/2"]
[WhiteElo "2511"]
[BlackElo "2392"]
[PlyCount "146"]
[EventDate "2009.07.22"]
[EventType "swiss"]
[EventRounds "9"]
[EventCountry "ESP"]
[Source "lmi"]
[SourceDate "2009.07.22"]

1. d4 Nf6 2. Nf3 e6 3. c4 d5 4. g3 c6 5. Qc2 b6 6. Bg2 Bb7 7. O-O Be7 8. Rd1
Nbd7 9. Nc3 O-O 10. Bf4 Nh5 11. Be3 f5 12. Bc1 Rc8 13. a4 Bd6 14. a5 bxa5 15.
Bg5 Nhf6 16. e3 h6 17. Bf4 Bxf4 18. exf4 c5 19. cxd5 Nxd5 20. Qa4 cxd4 21. Nxd4
Nc5 22. Qxa5 Qxa5 23. Rxa5 Nxc3 24. bxc3 Bxg2 25. Kxg2 a6 26. Re1 Rfe8 27. Re5
Ne4 28. Rxa6 Rxc3 29. Raxe6 Rxe6 30. Rxe6 Kf7 31. Rb6 g6 32. Nf3 g5 33. Nd4
gxf4 34. gxf4 Nf6 35. Nxf5 Nd5 36. Nxh6+ Kf8 37. Rb8+ Kg7 38. Nf5+ Kf7 39. Ne3
Nxe3+ 40. fxe3 Rxe3 41. Rb6 Rc3 42. h4 Kg7 43. h5 Kh7 44. Rg6 Ra3 45. Rg3 Ra5
46. Rg5 Ra3 47. Rg3 Ra5 48. Kf3 Rxh5 49. Ke4 Ra5 50. f5 Ra4+ 51. Ke5 Ra5+ 52.
Kf6 Ra6+ 53. Kf7 Ra7+ 54. Kf6 Ra6+ 55. Kg5 Kg7 56. Rb3 Kf7 57. Rb7+ Kf8 58. Rd7
Ke8 59. Rg7 Kf8 60. Rg6 Ra1 61. Rb6 Ra7 62. Rh6 Rg7+ 63. Kf6 Rf7+ 64. Ke6 Re7+
65. Kf6 Rf7+ 66. Kg5 Rg7+ 67. Kf4 Rg1 68. Rh7 Ra1 69. Rd7 Ra4+ 70. Kg5 Ra6 71.
Rb7 Kg8 72. Re7 Kf8 73. Re4 Kf7 1/2-1/2

[Event "35. Open Internacional Vila de Sitges"]
[Site "Sitges ESP"]
[Date "2009.07.27"]
[Round "6.8"]
[White "Seger, Ruediger"]
[Black "Gonzalez Garcia, Jose"]
[Result "0-1"]
[WhiteElo "2405"]
[BlackElo "2509"]
[PlyCount "102"]
[EventDate "2009.07.22"]
[EventType "swiss"]
[EventRounds "9"]
[EventCountry "ESP"]
[Source "lmi"]
[SourceDate "2009.07.22"]

1. e4 c5 2. c3 d5 3. exd5 Qxd5 4. d4 Nf6 5. Nf3 e6 6. Be3 cxd4 7. cxd4 Be7 8.
Nc3 Qd8 9. Bd3 O-O 10. O-O b6 11. Qe2 Bb7 12. Rad1 Nd5 13. Bc1 Nd7 14. Bb1 Rc8
15. Qd3 N7f6 16. Ng5 Nxc3 17. bxc3 Qd5 18. f3 Qc4 19. Nxh7 Qxd3 20. Nxf6+ Bxf6
21. Bxd3 Rxc3 22. Be4 Bxe4 23. fxe4 Rc4 24. e5 Be7 25. Be3 Ra4 26. Rf2 Rc8 27.
Rd3 f6 28. exf6 Bxf6 29. Kf1 Rd8 30. Rfd2 Rd5 31. g4 e5 32. dxe5 Rxd3 33. Rxd3
Bxe5 34. Rd8+ Kh7 35. Rd5 Bf4 36. Bd4 g5 37. Rd7+ Kg6 38. Kg2 Rxa2+ 39. Kf3
Bxh2 40. Rg7+ Kh6 41. Re7 Bf4 42. Rb7 Ra4 43. Ke4 Bd6 44. Kd5 Bc5 45. Bxc5 bxc5
46. Kxc5 Rxg4 47. Rxa7 Re4 48. Kd5 Re8 49. Ra4 Kh5 50. Re4 Rxe4 51. Kxe4 Kg4
0-1

[Event "35. Open Internacional Vila de Sitges"]
[Site "Sitges ESP"]
[Date "2009.07.27"]
[Round "6.10"]
[White "Oms Pallisse, Josep"]
[Black "Perez Mitjans, Orelvis"]
[Result "1-0"]
[WhiteElo "2495"]
[BlackElo "2404"]
[PlyCount "93"]
[EventDate "2009.07.22"]
[EventType "swiss"]
[EventRounds "9"]
[EventCountry "ESP"]
[Source "lmi"]
[SourceDate "2009.07.22"]

1. c4 g6 2. e4 c5 3. Nf3 Bg7 4. d4 cxd4 5. Nxd4 Nc6 6. Be3 Nf6 7. Nc3 O-O 8.
Be2 d6 9. O-O Nxd4 10. Bxd4 Be6 11. f4 Qa5 12. Qd3 Rfc8 13. b3 a6 14. Kh1 b5
15. cxb5 axb5 16. Nxb5 d5 17. exd5 Bf5 18. Qd1 Rc2 19. a4 Be4 20. Bf3 Rd2 21.
Qe1 Bxf3 22. Rxf3 Nxd5 23. Bxg7 Kxg7 24. Nc3 Rc2 25. Qe5+ Nf6 26. Qxa5 Rxa5 27.
b4 Ra8 28. a5 Rb2 29. b5 e6 30. Rff1 Nd5 31. Nxd5 exd5 32. b6 Rb5 33. Kg1 Raxa5
34. Rxa5 Rxa5 35. Rb1 Ra8 36. b7 Rb8 37. Rb6 Kf8 38. Kf2 Ke7 39. Ke3 Kd7 40.
Kd4 Kc7 41. Rb5 Kc6 42. Rc5+ Kb6 43. Rc2 f5 44. h4 Ka7 45. Rb2 h6 46. Rb1 h5
47. Rb2 1-0

[Event "35. Open Internacional Vila de Sitges"]
[Site "Sitges ESP"]
[Date "2009.07.28"]
[Round "7.1"]
[White "Karlsson, Lars"]
[Black "Arun, Prasad S"]
[Result "1-0"]
[WhiteElo "2468"]
[BlackElo "2556"]
[PlyCount "47"]
[EventDate "2009.07.22"]
[EventType "swiss"]
[EventRounds "9"]
[EventCountry "ESP"]
[Source "lmi"]
[SourceDate "2009.07.22"]

1. Nf3 Nf6 2. b3 d5 3. Bb2 c6 4. e3 g6 5. Be2 Bg7 6. O-O O-O 7. c4 Nbd7 8. a3
Re8 9. d4 b6 10. b4 a5 11. Nc3 Bb7 12. Qb3 e6 13. Rfd1 Qb8 14. Rab1 axb4 15.
axb4 dxc4 16. Bxc4 c5 17. d5 Nxd5 18. Nxd5 b5 19. Bxg7 bxc4 20. Qc3 Bxd5 21. e4
Bxe4 22. Rxd7 Bxb1 23. Qf6 Rf8 24. Bh6 1-0

[Event "35. Open Internacional Vila de Sitges"]
[Site "Sitges ESP"]
[Date "2009.07.28"]
[Round "7.3"]
[White "Beltran Rueda, Santiago"]
[Black "Gonzalez Garcia, Jose"]
[Result "1/2-1/2"]
[WhiteElo "2404"]
[BlackElo "2509"]
[PlyCount "98"]
[EventDate "2009.07.22"]
[EventType "swiss"]
[EventRounds "9"]
[EventCountry "ESP"]
[Source "lmi"]
[SourceDate "2009.07.22"]

1. c4 Nf6 2. Nc3 e5 3. Nf3 Nc6 4. g3 Bc5 5. d3 d6 6. Bg2 h6 7. O-O a6 8. e3 O-O
9. a3 Ba7 10. b4 Bd7 11. h3 Rb8 12. d4 exd4 13. exd4 Ne7 14. a4 a5 15. Nb5 Ra8
16. Nxa7 Rxa7 17. b5 d5 18. c5 Bf5 19. Ne5 Be4 20. f3 Bh7 21. g4 Nd7 22. Bf4
Ra8 23. Qd2 Re8 24. Rae1 Nf8 25. Bg3 Ne6 26. Qc3 c6 27. b6 Ng6 28. Nxg6 Bxg6
29. Re5 f6 30. Re3 h5 31. Rfe1 Qd7 32. Bd6 hxg4 33. hxg4 f5 34. gxf5 Bxf5 35.
Re5 Qf7 36. Qe3 Qg6 37. Kf2 Kf7 38. Rg1 Qf6 39. Bf1 Qh4+ 40. Rg3 g6 41. f4 Ng7
42. Kg1 Re6 43. Rxe6 Nxe6 44. Be5 Rg8 45. Rg2 g5 46. fxg5 Nxg5 47. Rg3 Nh3+ 48.
Bxh3 Qxh3 49. Qf2 Rxg3+ 1/2-1/2

[Event "35. Open Internacional Vila de Sitges"]
[Site "Sitges ESP"]
[Date "2009.07.28"]
[Round "7.4"]
[White "Panchanathan, Magesh Chandra"]
[Black "Solodovnichenko, Yuri"]
[Result "0-1"]
[WhiteElo "2493"]
[BlackElo "2596"]
[PlyCount "87"]
[EventDate "2009.07.22"]
[EventType "swiss"]
[EventRounds "9"]
[EventCountry "ESP"]
[Source "lmi"]
[SourceDate "2009.07.22"]

1. Nf3 g6 2. e4 Bg7 3. d4 d6 4. Nc3 a6 5. a4 Nf6 6. Be2 O-O 7. O-O Nc6 8. a5 d5
9. exd5 Nb4 10. Ra4 Qd6 11. Ne5 Nbxd5 12. Nxd5 Nxd5 13. c4 Nf6 14. Bf4 Nd7 15.
c5 Qf6 16. Nd3 c6 17. Rb4 Re8 18. Bf3 e6 19. Qb3 Ra7 20. Be5 Nxe5 21. Nxe5 Rf8
22. Ra4 Qe7 23. Rd1 Rd8 24. Nc4 Ra8 25. Nd6 Bf8 26. Rb4 Rd7 27. g3 Qf6 28. Nc4
Rc7 29. h4 Qd8 30. Rd3 Rb8 31. Rb6 Ra8 32. Be4 Rd7 33. Rb4 f5 34. Bxc6 bxc6 35.
Nb6 Bxc5 36. Nxd7 Bxb4 37. Nb6 Ra7 38. Qxb4 Rf7 39. Qc5 f4 40. Qxc6 Rc7 41. Qf3
fxg3 42. Qxg3 Bb7 43. Rc3 Qxd4 44. Qd3 0-1

[Event "35. Open Internacional Vila de Sitges"]
[Site "Sitges ESP"]
[Date "2009.07.28"]
[Round "7.5"]
[White "Barria Zuniga, Daniel"]
[Black "Burmakin, Vladimir"]
[Result "1/2-1/2"]
[WhiteElo "2426"]
[BlackElo "2627"]
[PlyCount "56"]
[EventDate "2009.07.22"]
[EventType "swiss"]
[EventRounds "9"]
[EventCountry "ESP"]
[Source "lmi"]
[SourceDate "2009.07.22"]

1. d4 d5 2. c4 c6 3. Nf3 e6 4. Nc3 dxc4 5. e3 b5 6. a4 Bb4 7. Bd2 a5 8. axb5
Bxc3 9. Bxc3 cxb5 10. b3 Bb7 11. bxc4 b4 12. Bb2 Nf6 13. Bd3 O-O 14. O-O Nbd7
15. Re1 Ne4 16. c5 Qc7 17. Rc1 Bc6 18. Bxe4 Bxe4 19. Nd2 Bc6 20. e4 a4 21. d5
exd5 22. exd5 Bxd5 23. c6 Nb6 24. Qg4 f6 25. Qxb4 Rae8 26. Bd4 Rxe1+ 27. Rxe1
Nc8 28. Qxa4 Qxc6 1/2-1/2

[Event "35. Open Internacional Vila de Sitges"]
[Site "Sitges ESP"]
[Date "2009.07.28"]
[Round "7.6"]
[White "Moskalenko, Viktor"]
[Black "Satyapragyan, Swayangsu"]
[Result "1-0"]
[WhiteElo "2558"]
[BlackElo "2423"]
[PlyCount "93"]
[EventDate "2009.07.22"]
[EventType "swiss"]
[EventRounds "9"]
[EventCountry "ESP"]
[Source "lmi"]
[SourceDate "2009.07.22"]

1. d4 Nf6 2. c4 c5 3. d5 e5 4. Nc3 d6 5. e4 Nbd7 6. g3 Be7 7. Bg2 a6 8. a4 O-O
9. Nh3 Ne8 10. O-O g6 11. Bh6 Ng7 12. f4 exf4 13. gxf4 Bf6 14. Ng5 Re8 15. Qd2
Bd4+ 16. Kh1 Nf6 17. Bxg7 Kxg7 18. Ne2 h6 19. Nxd4 hxg5 20. e5 Ng4 21. h3 dxe5
22. Nf3 gxf4 23. hxg4 Bxg4 24. Rae1 f6 25. Qc3 Bf5 26. Kg1 Qd6 27. Nh4 Bd7 28.
Be4 f5 29. Nf3 fxe4 30. Rxe4 Bf5 31. Rxf4 Qf6 32. Rh4 Rh8 33. Rxh8 Rxh8 34.
Qxe5 Qxe5 35. Nxe5 Rh4 36. b3 a5 37. Rf3 Re4 38. Nd3 b6 39. Kf2 Rd4 40. Ne5
Rd2+ 41. Ke3 Rb2 42. Kf4 Kf6 43. Ng4+ Ke7 44. Re3+ Kd6 45. Nh6 Bc2 46. Nf7+ Kd7
47. d6 1-0